Normal view
MARC view
Entry Personal Name
001 - CONTROL NUMBER
- control field: 9375
003 - CONTROL NUMBER IDENTIFIER
- control field: ARRUPE
005 - DATE AND TIME OF LATEST TRANSACTION
- control field: 20140325175209.0
008 - FIXED-LENGTH DATA ELEMENTS
- fixed length control field: 140325|| aca||aabn | a|a d
040 ## - CATALOGING SOURCE
- Original cataloging agency: ARRUPE
- Transcribing agency: ARRUPE
100 ## - HEADING--PERSONAL NAME
- Personal name: Diderot, Denis; Alembert, Jean Le Rond d
670 ## - SOURCE DATA FOUND
- Source citation: Work cat.: (ARRUPE)92950: Diderot, d'Alembert and D'Alemert, Jean Le rond and Hoyt, Nelly S. and Cassirer, Thomas 9372, Encyclopedia